| 000 | 00787nam a2200241 u 4500 | ||
|---|---|---|---|
| 999 |
_c7768 _d7768 |
||
| 001 | 991060979876506706 | ||
| 003 | OSt | ||
| 005 | 20230907100731.0 | ||
| 008 | 230711s2023 spc r 000 0 spa d | ||
| 017 |
_aDL B23173-2022 _bBiblioteca de Catalunya |
||
| 020 | _a9788448034139 | ||
| 040 |
_aES-BaUAB _bcat _erda _cCDMR |
||
| 100 | 1 | _aMartín, José Luis, | |
| 245 | 1 | 0 |
_aDesmemorias de una revista satírica / _cJL Martín ; prólogo de Andreu Buenafuente |
| 260 |
_aBarcelona : _bLibros Cúpula, _c2023 |
||
| 300 |
_a551 pàgines, [24] pàgines de làmines ; _c24 cm |
||
| 630 | 0 | 7 |
_aJueves (Revista) _xHistòria |
| 650 | 0 |
_93162 _aHumorisme gràfic _zCatalunya _xHistòria _y1977-2014 |
|
| 700 | 1 |
_aBuenafuente, Andreu _92948 |
|
| 908 | _aUAB | ||
| 940 | _aUAB | ||
| 942 |
_2udc _cMON |
||